Le guide de l'utilisateur UML

Na minha lista:
Detalhes bibliográficos
Autor principal: Booch- James, Grady
Formato: Livro
Idioma:Undetermined
Publicado em: Pari, France Eyrolles 2003
Assuntos:
Tags: Adicionar Tag
Sem tags, seja o primeiro a adicionar uma tag!
Thư viện lưu trữ: Trung tâm Học liệu Trường Đại học Cần Thơ
LEADER 00600nam a2200169Ia 4500
001 CTU_144239
008 210402s9999 xx 000 0 und d
082 |a 005.12 
082 |b B724 
100 |a Booch- James, Grady 
245 0 |a Le guide de l'utilisateur UML 
245 0 |c Grady Booch- James, Rumbaugh-Ivar Jacobson 
260 |a Pari, France 
260 |b Eyrolles 
260 |c 2003 
650 |a UML (computer science),Object orriented programming (computer science),Lập trình hướng đối tượng,Ngôn ngữ UML 
980 |a Trung tâm Học liệu Trường Đại học Cần Thơ